000 02894nam a22003617a 4500
999 _c21986
_d21986
003 AR-CdUCM
008 190425b ||||| |||| 00| 0 spa d
040 _aMUNICIPALIDAD PROVINCIAL DEL CUSCO
_cBIBLIOTECA MUNICIPAL DEL CUSCO
082 _aAndes/N°3/1999
110 _aUniversidad Nacional de San Antonio Abad del Cusco
_915942
245 _aAndes :
_bRevista de Ciencias Sociales /
_cFacultad de Ciencias Sociales
260 _aCusco.
_bUniversitaria,
_c1999.
300 _a299 páginas. :
_bIlustraciones ;
_c21 cm.
440 _aAndes Revista Semestre de la Facultad de Ciencias
_nN° 3.1999
_947069
505 _aContenido: Pumacahua y su participación en la revolución de 1814. Víctor Aguilar Callo. -- El costo social y económico de la revolución Tupacamarista en el altiplano. Otilia Quiñones Meza. -- Formación del capital industrial en el Cusco el caso textil urbano 1915-1928. Luis Froylan Medina Suyo. -- Conflictos y relaciones sociales con ocasión del cobro de diezmos en el Cusco Siglo XVIII. Margareth Najarro Espinoza. -- Usno, Sukankas y calendario Inka. Aurelio Carmona Cruz. -- El Corpus Christi frente al pensamiento andino. Jorge Escobar Medrano. -- Algunos aspectos generales de la sexualidad en la tercera edad. Rina Cornejo Muñoz. Olimpia Torres Castillo. -- El mundo de las almas una interpretación sobre el orden y el caos. Jesús Washington Rozas Álvarez. -- María del Carmen Calderón García. -- La danza del Awqa Chileno de Urcos. José Canal Carhuarupay. -- La fiesta de la Virgen del Rosario en Huallhua. Juan V. Tuero Villa. -- Turismo e incanismo en el Cusco. Jorge Flores Ochoa. Pierre L. Van den Berghe. -- Machupijchu retos en la gestión del santuario histórico. Oscar Paredes Pando. -- Defensa y conservación del patrimonio monumental del Cusco. Raymundo Béjar Navarro. -- Las excavaciones de Pikillacta realizadas en los sectores 4C, 4D, y canal A. Alfredo Valencia Zegarra. -- Filósofos cusqueños del siglo XX. Néstor Bustos Silva. -- Condicionamiento sociocultural del pensamiento cognición en la realidad andina. Gustavo Valdivia Rivera. -- Imasmari Imasmari Lógica y Psicología de la adivinanza. Gustavo Valdivia Rivera. Hilda Acurio Mora.
650 _aHistoria del Cusco
_91714
650 _aArqueología del Cusco
_944311
650 _aAntropología del Cusco
_947059
650 _aPsicología
_91538
650 _aFilosofía
_9395
650 _aMovimientos sociales
_91450
650 _aAntropología social
_938406
650 _aPatrimonio cultural
_93805
700 _aValdivia Rivera, Gustavo
_912923
700 _aAguilar Callo, Víctor
_947070
700 _aQuiñones Meza, Otilia
_947071
700 _aMedina Suyo, Luis
_946683
700 _aValencia Zegarra, Alfredo
_918086
700 _aCanal Carhuarupay, José
_947072
700 _aEscobar Medrano, Jorge
_947073
942 _2ddc
_cPP
945 _arac